000 01014nam0a22002771 4500
001 rc\4790769
005 20130417104041.2
021 _aRU
_b[63-23761]
035 _a(NLR Aleph) 009035292
090 _a9515797
_c9515797
100 _a20130417d1963 |||y0rusy50 ca
101 0 _arus
102 _aRU
105 _aa z |||||
200 1 _aРасширенное воспроизводство стада
210 _aМосква
_cМоск. рабочий
_d1963
215 _a40 с.
_cил.
_d17
300 _aПеред загл. авт.: К. Оминина, Н. Милякова, зоотехник
606 _aКрупный рогатый скот
_xПлеменное разведение
_yМосковская область
_2psbo
700 1 _aОминина
_bК. В.
_gКалерия Викторовна
701 1 _aМилякова
_bН. Е.
_gНадежда Ефимовна
801 0 _aRU
_bNLR
_gpsbo
801 1 _aRU
_bELAR
_2rusmarc
852 _aNLR
_j63-2/1152
942 _cBOOK
980 _aNB